01861nam a2200325Ia 450000500170000000800410001702000150005808200210007310000310009424502070012525000190033230000430035149000270039450502640042165000390068565000220072465000240074670000410077094200120081126400320082333600270085533700330088233800280091504000350094399900150097895201360099395201370112995201330126695201360139920220317000712.0160601s2004 ck a g 000 0 spa  a958972765404a334.681303bP12c1 aPáez Serna, Luis Heberto13aEl control social en las entidades de la economía solidaria bguía para le gestión de juntas de vigilancia y comités de control social cLuis Heberto Páez Serna ; ilustraciones Martha Suárez a1a. edición  a100 páginas bilustraciones c16 cm  aIncluye bibliografía aMarco legal del control social -- Marco conceptual de la función administración de control -- Desarrollo y ejecución de control social -- Herramienta para el control social. Indicadores de gestión -- El balance social -- Conclusiones y recomendaciones142LEMBaControl social xFundamentos142LEMBaEconomía 142LEMBaCooperativas 1 aSuárez, Marthaeilustrador 952969 2ddccBK a[Bogotá] bASCOOPc[2004] atextobtxt2rdacontent asin mediaciónbn2rdamedia avolumenbnc2rdacarrier aCO-BoRNBPbspaerdacCO-BoRNBP c4821d4821 00102ddc40708GENaMEPRICObMEPRICOcGENd2022-12-19l0o334.681303 P12cpPR000000234r2022-12-19 00:00:00tEj.1w2022-12-19yBK 00102ddc40708GENaMEMAPIRIbMEMAPIRIcGENd2023-07-06l0o334.681303 P12cpMAP0000328r2023-07-06 00:00:00tEj.1w2023-07-06yBK 00102ddc40708GENaMEURIBEbMEURIBEcGENd2024-07-17l0o334.681303 P12cpURI00362r2024-07-17 10:35:06tEj.1w2024-07-17yBK 00102lcc40708GENaMEPCONCObMEPCONCOcGENd2026-02-05l0o334.681303 P12cpPCON00701r2026-02-05 19:22:57tEj.1w2026-02-05yBK